Možnosti a predpoklady podnikania vo výchove a vzdelávaní s dôrazom na predškolské zariadenia diplomová práca

Salvato in:
Dettagli Bibliografici
Autore principale: Koníková, Janka
Ente Autore: Obchodná fakulta EU. Katedra služieb a cestovného ruchu - zrušené
Altri autori: Pachingerová, Mária
Natura: Libro
Lingua:slovacco
Pubblicazione: Bratislava 2009
Tags: Aggiungi Tag
Nessun Tag, puoi essere il primo ad aggiungerne!!

MARC

LEADER 00000nam$a2200000$$$4500
001 0099373
005 20240318140221.5
041 0 |a slo 
044 |a SK 
245 1 0 |a Možnosti a predpoklady podnikania vo výchove a vzdelávaní s dôrazom na predškolské zariadenia  |b diplomová práca  |c Janka Koníková ; škol. Mária Pachingerová 
264 1 |a Bratislava  |c 2009 
300 |a 111 s. 
100 1 |a Koníková, Janka 
700 1 |a Pachingerová, Mária 
710 2 |a Obchodná fakulta EU. Katedra služieb a cestovného ruchu - zrušené